000 01107nam a2200301Ia 4500
001 ebr10229837
003 CaPaEBR
006 m u
007 cr cn|||||||||
008 080521s2007 enk s 000 0 eng d
020 _z9780335234967
040 _aCaPaEBR
_cCaPaEBR
035 _a(OCoLC)560658122
050 1 4 _aRA440.85
_b.N65 2007eb
100 1 _aNolan, Mike.
245 1 0 _aUser participation research in health and social care
_h[electronic resource] /
_cMike Nolan.
260 _aMaidenhead :
_bMcGraw-Hill International (UK) Ltd,
_c2007.
300 _a254 p.
533 _aElectronic reproduction.
_bPalo Alto, Calif. :
_cebrary,
_d2009.
_nAvailable via World Wide Web.
_nAccess may be limited to ebrary affiliated libraries.
650 0 _aMedical care.
650 0 _aPublic health.
655 7 _aElectronic books.
_2local
700 1 _aGrant, Gordon.
700 1 _aHanson, Elizabeth.
700 1 _aKeady, John.
710 2 _aebrary, Inc.
856 4 0 _uhttp://site.ebrary.com/lib/rucke/Doc?id=10229837
_zAn electronic book accessible through the World Wide Web; click to view
999 _c153339
_d153339